000 00598nam a2200229 a 4500
999 _c5929
_d5929
001 5929
003 BD-JhCC
005 20171230191835.0
008 171230s1966 r a|||| || | 001 0 eng d
035 _a(BD-JhCC)5929
040 _aBD-JhCC
_dBD-JhCC
041 _aeng
082 _a621.9
_bJUN 1966
100 _aJunkovsky, N.
245 _aConveying, Crushing, Washing and Screening Machinery /
_c N. Junkovsky,
260 _aMoscow :
_bMir publishers,
_c1966.
300 _a286 p. :
_bill. ;
_c18 cm.
504 _aIncludes index
650 _aMachinery
942 _2ddc
_cBK